Vicente Madrigal Integrated School Portal (Record no. 100278)

MARC details
000 -LEADER
fixed length control field 01064nam a22002897a 4500
003 - CONTROL NUMBER IDENTIFIER
control field URS
005 - DATE AND TIME OF LATEST TRANSACTION
control field 20260415165607.0
008 - FIXED-LENGTH DATA ELEMENTS--GENERAL INFORMATION
fixed length control field 240206b |||||||| |||| 00| 0 eng d
100 ## - MAIN ENTRY--PERSONAL NAME
Personal name Laranang, Daryl C.
Relator term author
245 ## - TITLE STATEMENT
Title Vicente Madrigal Integrated School Portal
Statement of responsibility, etc. Daryl C. Laranang and 4 others
260 ## - PUBLICATION, DISTRIBUTION, ETC.
Date of publication, distribution, etc. 2023
300 ## - PHYSICAL DESCRIPTION
Extent xiii, 102 leaves
Dimensions 28 cm.
336 ## - CONTENT TYPE
Source rdacontent
Content type term text
337 ## - MEDIA TYPE
Source rdamedia
Media type term unmediated
338 ## - CARRIER TYPE
Source rdacarrier
Carrier type term volume
500 ## - GENERAL NOTE
General note Undergraduate Thesis
502 ## - DISSERTATION NOTE
Degree type Bachelor of Science in Information Technology
Name of granting institution University of Rizal System, Binangonan
Year degree granted 2023
504 ## - BIBLIOGRAPHY, ETC. NOTE
Bibliography, etc. note Includes, bibliographical references.
700 ## - ADDED ENTRY--PERSONAL NAME
Personal name Laranang, Daryl C.
Relator term author
700 ## - ADDED ENTRY--PERSONAL NAME
Personal name Dela Cruz, John Mark E.
Relator term author
700 ## - ADDED ENTRY--PERSONAL NAME
Personal name Paralejas, John Reivel S.
Relator term author
700 ## - ADDED ENTRY--PERSONAL NAME
Personal name Arpon, Mark Kenshee S.
Relator term author
700 ## - ADDED ENTRY--PERSONAL NAME
Personal name Cervo, Christian Onel R.
Relator term author
700 ## - ADDED ENTRY--PERSONAL NAME
Personal name Aristotle C. Mayorca, MSIT
Relator term adviser
856 ## - ELECTRONIC LOCATION AND ACCESS
Materials specified Online Request for Student Unpublished Works
Uniform Resource Identifier <a href="https://forms.gle/7LqvGGkaDrUQqz429">https://forms.gle/7LqvGGkaDrUQqz429</a>
942 ## - ADDED ENTRY ELEMENTS (KOHA)
Source of classification or shelving scheme Library of Congress Classification
Koha item type Theses and dissertations

No items available.

University of Rizal System
Email us at univlibservices@urs.edu.ph

Visit our Website www.urs.edu.ph/library